Aid activities for Basic Social Services in 2004 as part of the international support for realising children's rights 1995-2004
Saved in:
| Corporate Author: | |
|---|---|
| Format: | Book |
| Language: | English French |
| Published: |
Paris
OECD
2006
|
| Series: | Statistics
|
| Subjects: | |
| Tags: |
No Tags, Be the first to tag this record!
|
MARC
| LEADER | 00000nam a2200000 4500 | ||
|---|---|---|---|
| 001 | 0051501 | ||
| 005 | 20240422064407.8 | ||
| 020 | |a 92-64-02854-4 | ||
| 041 | 0 | |a eng | |
| 041 | 0 | |a fre | |
| 044 | |a FR | ||
| 245 | 1 | 0 | |a Aid activities for Basic Social Services in 2004 |b as part of the international support for realising children's rights 1995-2004 |
| 264 | 1 | |a Paris |b OECD |c 2006 | |
| 300 | |a 158 s. | ||
| 490 | 1 | |a Statistics | |
| 830 | 0 | |a Statistics | |
| 610 | 2 | 0 | |a pomoc finančná |
| 610 | 2 | 0 | |a pomoc hospodárska |
| 610 | 2 | 0 | |a pomoc medzinárodná |
| 610 | 2 | 0 | |a služby sociálne |
| 610 | 2 | 0 | |a krajiny rozvojové |
| 610 | 2 | 0 | |a pomoc zahraničná |
| 710 | 2 | |a OECD. Development Assistance Committee | |